| 000 | 00676nam a2200157 a 4500 | ||
|---|---|---|---|
| 008 | 160426s2013 ||||||||||||||||| || u | ||
| 020 | _a9781848606166 | ||
| 050 | _aLB 1737. A3 Bry | ||
| 100 | _aBryan, Hazel | ||
| 245 | 1 | 0 |
_aLearning and teaching at M-level: a guide for student teachers _cby Hazel Bryan, Chris Carpenter and Simon Hoult |
| 260 |
_aGreat Britain _bSAGE Publications _c2013 |
||
| 300 | _a229p.: ill. | ||
| 350 | _a46.00 | ||
| 650 | _aEDUCATION--STUDY AND TEACHING (GRADUATE)--GREAT BRITAIN | ||
| 995 |
_FCBU-MAIN LIBRARY (Kitwe) _I46.00 _M1 _UAVAILABLE _WMay 11, 2016 _ZMain Library Open Access Collection |
||
| 999 |
_c49012 _d49012 |
||